000 00300nam a22001337a 4500
008 180208b xxu||||| |||| 00| 0 eng d
020 _a9780878223466
041 _aeng
080 _a371
100 _a46
101 _aEDU
245 _aCreating the Deaceable School
_cBodine, R.J
942 _2udc
_cBK
999 _c42052
_d42052